Biotechnology: (Record no. 159940)
[ view plain ]
| 000 -LEADER | |
|---|---|
| fixed length control field | 00510nam a22001817a 4500 |
| 005 - DATE AND TIME OF LATEST TRANSACTION | |
| control field | 20190110152752.0 |
| 010 ## - LCCN (DPL NO) | |
| LC control number | B-093489 |
| 020 ## - INTERNATIONAL STANDARD BOOK NUMBER | |
| International Standard Book Number | 8178330709 |
| Terms of availability | 1100.00 |
| 035 ## - SYSTEM CONTROL NUMBER | |
| System control number | B-093489 |
| 037 ## - SOURCE OF ACQUISITION | |
| Source of stock number/acquisition | Asia Pacicfic Business Press |
| 082 ## - DEWEY DECIMAL CLASSIFICATION NUMBER | |
| Classification number | 660.6 |
| 100 ## - MAIN ENTRY--PERSONAL NAME | |
| Personal name | Board NIIR |
| 245 ## - TITLE STATEMENT | |
| Title | Biotechnology: |
| Remainder of title | Handbook |
| Statement of responsibility, etc | by NIIR Board |
| 260 ## - PUBLICATION, DISTRIBUTION, ETC. (IMPRINT) | |
| Place of publication, distribution, etc | New Delhi |
| Name of publisher, distributor, etc | Asia Pacifc Business |
| 300 ## - PHYSICAL DESCRIPTION | |
| Extent | 681p. |
| Dimensions | 22cm |
| 942 ## - ADDED ENTRY ELEMENTS (KOHA) | |
| Source of classification or shelving scheme | Dewey Decimal Classification |
| Item type | English Books |
| Classification part | 660.6 |
| Call number suffix | BIO |
| Withdrawn status | Lost status | Not for loan | Collection code | Home library | Current library | Date acquired | Full call number | Barcode | Koha item type |
|---|---|---|---|---|---|---|---|---|---|
| Non-fiction | Sarojini Nagar | Sarojini Nagar | 10/01/2019 | 660.6 BIO | B-093489 | English Books |
